Score 0/16 Timer 02:00
2 Plays Today
Clue 4-Letter Word % Correct
An adhesiveGLUE
93%
Velvet Underground's 'Pale ___ Eyes'BLUE
91.6%
Fox's hit show about show choirGLEE
90.3%
Tense muscles to show offFLEX
87.4%
An international Swedish home products retailerIKEA
86.9%
Strike sharply with your handSLAP
86.8%
A bloodsucking pet pestFLEA
86%
Feed the pigsSLOP
82.6%
Clue 4-Letter Word % Correct
A usually run-down, impoverished urban areaSLUM
82.1%
A smear or stain that obscures visionBLUR
78.8%
Winning all or all but one of the tricks in bridgeSLAM
76.2%
'Roots' author Haley or baseballer RodriguezALEX
76%
An insulting or disparaging remarkSLUR
75.3%
What one does at [first rung]SHOP
75.2%
Sections of intestinesILEA
70.6%
On the sheltered side of a shipALEE
69.4%

Today's Daily Dose

You're not logged in!

Compare scores with friends on all Sporcle quizzes.
OR
Log In

Sporcle TV

Today on Sporcle TV


Watch our educational content, quiz creation guides, and fun videos on Sporcle TV.

Show Comments

Extras

Top Quizzes Today


Score Distribution

Your Account Isn't Verified!

In order to create a playlist on Sporcle, you need to verify the email address you used during registration. Go to your Sporcle Settings to finish the process.

Report this User

Report this user for behavior that violates our Community Guidelines.

Details: